[Event "ITA-chTB 51st"]
[Site "Brixen Bressanone"]
[Date "2019.04.28"]
[Round "5.4"]
[White "Distaso, Antonio"]
[Black "Calavalle, Giulio"]
[Result "1-0"]
[WhiteElo "2153"]
[BlackElo "2258"]
[PlyCount "69"]
[EventDate "2019.04.26"]
[EventType "team-swiss"]
[EventRounds "7"]
[EventCountry "ITA"]
[SourceTitle "CBM 190 Extra"]
[Source "ChessBase"]
[SourceDate "2019.07.15"]
[SourceVersion "1"]
[SourceVersionDate "2019.07.15"]
[SourceQuality "1"]
[WhiteTeam "Cornaro Asolo Regina"]
[BlackTeam "Bologna Le Due Torri"]
[WhiteTeamCountry "ITA"]
[BlackTeamCountry "ITA"]

1. e4 c5 2. Nf3 d6 3. Bb5+ Bd7 4. Bxd7+ Qxd7 5. c4 g6 6. Nc3 Bg7 7. d4 cxd4 8. Nxd4 Nf6 9. b3 0-0 10. Bb2 a5 11. 0-0 Na6 12. Nd5 Nxd5 13. exd5 a4 14. Qe2 Nc5 15. Nb5 Bxb2 16. Qxb2 Rfc8 17. Rad1 axb3 18. axb3 Qf5 19. Nd4 Qf6 20. Rfe1 Ra6 21. Qe2 Re8 22. Nb5 Rea8 23. Qxe7 Qxe7 24. Rxe7 Nxb3 25. g3 Ra1 26. Rxa1 Rxa1+ 27. Kg2 Ra6 28. Rxb7 Na5 29. Rb8+ Kg7 30. Nc7 Ra7 31. Ne8+ Kh6 32. Nxd6 Kg5 33. c5 Kf6 34. c6 Ke5 35. Nb5 1-0

[Event "ITA-chT 50th"]
[Site "Gallipoli"]
[Date "2018.04.28"]
[Round "3.3"]
[White "Distaso, Antonio"]
[Black "Di Benedetto, Edoardo"]
[Result "1/2-1/2"]
[WhiteElo "2134"]
[BlackElo "2280"]
[PlyCount "67"]
[EventDate "2018.04.27"]
[EventType "team-swiss"]
[EventRounds "7"]
[EventCountry "ITA"]
[SourceTitle "CBM 184 Extra"]
[Source "ChessBase"]
[SourceDate "2018.06.28"]
[SourceVersion "1"]
[SourceVersionDate "2018.06.28"]
[SourceQuality "1"]
[WhiteTeam "Regina Cornaro"]
[BlackTeam "Lazio Scacchi"]
[WhiteTeamCountry "ITA"]
[BlackTeamCountry "ITA"]

1. c4 e6 2. Nf3 d5 3. b3 Nf6 4. Bb2 Be7 5. g3 0-0 6. Bg2 c5 7. 0-0 Nc6 8. cxd5 Nxd5 9. Nc3 Bf6 10. Qc1 Nxc3 11. dxc3 Qc7 12. Rd1 b6 13. c4 Bxb2 14. Qxb2 Bb7 15. Rd2 Rad8 16. Rad1 Rxd2 17. Rxd2 Rd8 18. Rxd8+ Qxd8 19. Qd2 h6 20. Qxd8+ Nxd8 21. Ne5 Bxg2 22. Kxg2 f6 23. Nd3 Nc6 24. e3 Kf7 25. Kf3 g6 26. Ke2 e5 27. f3 h5 28. Kd2 f5 29. Nf2 Kf6 30. Nd1 e4 31. f4 Nb4 32. Nc3 Ke6 33. a3 Nc6 34. Nd5 1/2-1/2

[Event "Barletta Mascolo Memorial 5th"]
[Site "Barletta"]
[Date "2013.10.06"]
[Round "5"]
[White "Lattanzio, Savino"]
[Black "Distaso, Antonio"]
[Result "1/2-1/2"]
[WhiteElo "2100"]
[BlackElo "2129"]
[PlyCount "44"]
[EventDate "2013.09.28"]
[EventType "swiss"]
[EventRounds "6"]
[EventCountry "ITA"]
[SourceTitle "EXT 2015"]
[Source "ChessBase"]
[SourceDate "2014.11.20"]
[SourceVersion "1"]
[SourceVersionDate "2014.11.20"]
[SourceQuality "1"]

1. e4 d6 2. d4 Nf6 3. Nc3 g6 4. Nf3 Bg7 5. Be2 0-0 6. 0-0 Bg4 7. Be3 Nc6 8. h3 Bxf3 9. Bxf3 e5 10. dxe5 Nxe5 11. Be2 Re8 12. f4 Nc6 13. Bf3 Nd7 14. Nd5 Nb6 15. c3 Nc4 16. Bc1 N6a5 17. Qd3 c6 18. Nb4 d5 19. exd5 Qb6+ 20. Kh1 c5 21. b3 cxb4 22. bxc4 bxc3 1/2-1/2

[Event "Cesenatico op 16th"]
[Site "Cesenatico"]
[Date "2012.09.02"]
[Round "2"]
[White "Mrdja, Milan"]
[Black "Distaso, Antonio"]
[Result "1-0"]
[WhiteElo "2347"]
[BlackElo "2072"]
[PlyCount "159"]
[EventDate "2012.09.01"]
[EventType "swiss"]
[EventRounds "9"]
[EventCountry "ITA"]
[SourceTitle "CBM 150 Extra"]
[Source "ChessBase"]
[SourceDate "2012.10.19"]
[SourceVersion "1"]
[SourceVersionDate "2012.10.19"]
[SourceQuality "1"]

1. e4 d6 2. d4 Nf6 3. Bd3 e5 4. Nf3 exd4 5. Nxd4 Be7 6. 0-0 0-0 7. Re1 Re8 8. c4 c6 9. Nc3 Bf8 10. Bg5 Nbd7 11. Qd2 Qa5 12. Rad1 h6 13. Bh4 Qh5 14. Bg3 Nc5 15. Bc2 a5 16. b3 Bd7 17. f3 Rad8 18. Nce2 Ne6 19. Nf5 d5 20. exd5 cxd5 21. Bd6 Bc6 22. Neg3 Qg5 23. f4 Qg4 24. c5 Ne4 25. Bxe4 dxe4 26. Qc3 Nxf4 27. h3 Qg5 28. Bxf8 Kxf8 29. Rxd8 Rxd8 30. h4 Qg6 31. Qe5 Ne6 32. h5 Qg4 33. Rf1 Rd1 34. Qb8+ Be8 35. Nd6 Rxd6 36. Qxd6+ Kg8 37. Nf5 Ng5 38. Qd8 Nf3+ 39. Rxf3 exf3 40. Qxe8+ Kh7 41. Ne3 Qf4 42. gxf3 Qg3+ 43. Ng2 Qxf3 44. Qe5 f6 45. Qe8 Qd5 46. Ne3 Qxc5 47. Kf2 Qd4 48. Kf3 Qa1 49. Qe4+ Kh8 50. Qe8+ Kh7 51. a4 Qh1+ 52. Ke2 Qh2+ 53. Kd3 Qd6+ 54. Kc3 Qb4+ 55. Kc2 Qc5+ 56. Nc4 Qf2+ 57. Nd2 Qc5+ 58. Kd1 Qg1+ 59. Qe1 Qg4+ 60. Qe2 Qg1+ 61. Kc2 Qc5+ 62. Kb2 Qd4+ 63. Ka2 Qc5 64. Nc4 b5 65. Qd3+ f5 66. axb5 Qxb5 67. Qc3 a4 68. b4 f4 69. Ne5 Qe2+ 70. Ka3 Qxh5 71. Qd3+ Kg8 72. Qd5+ Kh7 73. Qe4+ Kg8 74. Kxa4 Qe8+ 75. b5 g5 76. Kb4 Qe6 77. Qc4 Qxc4+ 78. Kxc4 f3 79. Nxf3 g4 80. Nh4 1-0

[Event "ITA-ch B"]
[Site "Civitanova Marche"]
[Date "2012.07.17"]
[Round "3"]
[White "Distaso, Antonio"]
[Black "Fioravanti, Emidio"]
[Result "1-0"]
[WhiteElo "2040"]
[BlackElo "1904"]
[PlyCount "65"]
[EventDate "2012.07.15"]
[EventType "swiss"]
[EventRounds "8"]
[EventCountry "ITA"]
[SourceTitle "EXT 2023"]
[Source "ChessBase"]
[SourceDate "2022.10.05"]
[SourceVersion "1"]
[SourceVersionDate "2022.10.05"]
[SourceQuality "1"]

1. e4 e5 2. Nf3 Nc6 3. Bb5 Nf6 4. Qe2 d6 5. h3 Bd7 6. 0-0 Be7 7. c3 0-0 8. d4 a6 9. Bc4 exd4 10. cxd4 Na5 11. Bd3 Ne8 12. Re1 Nc6 13. Nc3 Qc8 14. Bf4 f6 15. Bh2 g6 16. Rac1 Ng7 17. Nd5 Re8 18. Bc4 Kh8 19. Bb3 Bd8 20. Qd2 g5 21. e5 dxe5 22. dxe5 f5 23. Nf6 Bxf6 24. exf6 Rxe1+ 25. Rxe1 Ne6 26. Ne5 Ncd4 27. Bxe6 Nxe6 28. Nxd7 Qg8 29. Qc3 Qf7 30. Rxe6 Rd8 31. Re7 Qg6 32. f7+ Qg7 33. Re8+ 1-0

[Event "Campobasso op 18th"]
[Site "Campobasso "]
[Date "2011.07.23"]
[Round "3"]
[White "Chicco, Giancarlo"]
[Black "Distaso, Antonio"]
[Result "0-1"]
[WhiteElo "1457"]
[BlackElo "2022"]
[PlyCount "96"]
[EventDate "2011.08.06"]
[EventType "swiss"]
[EventRounds "6"]
[EventCountry "ITA"]
[SourceTitle "EXT 2014"]
[Source "ChessBase"]
[SourceDate "2013.11.20"]
[SourceVersion "1"]
[SourceVersionDate "2013.11.20"]
[SourceQuality "1"]

1. b3 e5 2. Bb2 f6 3. g3 d5 4. Bg2 c5 5. e3 Nc6 6. d3 Be6 7. Ne2 Qd7 8. Nd2 Nge7 9. a3 g5 10. e4 d4 11. Nf3 Ng6 12. Qd2 g4 13. Nfg1 h5 14. h4 0-0-0 15. f3 gxf3 16. Nxf3 Bh6 17. Qd1 Nge7 18. Bc1 f5 19. Bxh6 fxe4 20. Ng5 exd3 21. cxd3 Rxh6 22. 0-0 Nd5 23. Bxd5 Bxd5 24. Kh2 Rhh8 25. Ng1 Rdf8 26. Qc2 Qe7 27. N1h3 Rxf1 28. Rxf1 Rf8 29. Rxf8+ Qxf8 30. Ne4 Bxe4 31. dxe4 b6 32. Ng5 Qf1 33. b4 c4 34. Qa4 Kd7 35. Qa6 Qf2+ 36. Kh3 Qf1+ 37. Kh2 Kc7 38. b5 c3 39. Qa4 Qf2+ 40. Kh1 Qxg3 41. Ne6+ Kd6 42. bxc6 Qh3+ 43. Kg1 Qxe6 44. Qxa7 c2 45. Qxb6 c1Q+ 46. Kg2 Qg4+ 47. Kf2 Qe3+ 48. Kf1 Qgg1# 0-1

[Event "ITA-ch U16"]
[Site "Porretta Terme"]
[Date "2011.07.05"]
[Round "4"]
[White "Distaso, Antonio"]
[Black "Altini, Nicola"]
[Result "0-1"]
[WhiteElo "2022"]
[BlackElo "2267"]
[PlyCount "130"]
[EventDate "2011.07.03"]
[EventType "swiss"]
[EventRounds "8"]
[EventCountry "ITA"]
[SourceTitle "EXT 2024"]
[Source "ChessBase"]
[SourceDate "2023.10.10"]
[SourceVersion "1"]
[SourceVersionDate "2023.10.10"]
[SourceQuality "1"]

1. e4 c5 2. Nf3 e6 3. d4 cxd4 4. Nxd4 Nc6 5. Nc3 d6 6. Be2 Be7 7. Be3 Nf6 8. 0-0 0-0 9. Nb3 a6 10. a4 b6 11. f4 Bb7 12. Bf3 Nd7 13. Qe1 Nc5 14. Qf2 Qc7 15. Rfd1 Rac8 16. Nd4 Nxd4 17. Bxd4 Nd7 18. Rd2 Qd8 19. Rad1 e5 20. Be3 exf4 21. Bxf4 Ne5 22. Nd5 Bxd5 23. Rxd5 Qc7 24. c3 Qc6 25. Qc2 Qb7 26. Kh1 Rc5 27. Bxe5 dxe5 28. Bg4 Rxd5 29. Rxd5 Qc7 30. Qd3 Qc6 31. Bd1 a5 32. Rxe5 Qf6 33. Rf5 Qh4 34. Bb3 Bf6 35. Bd5 Be5 36. g3 Qe7 37. Kg2 g6 38. Rf1 h5 39. Qe3 Qd6 40. Qg5 Kg7 41. Qe3 f5 42. Rf3 f4 43. gxf4 Bxf4 44. Qd4+ Be5 45. Qf2 Rxf3 46. Qxf3 Bxh2 47. Qh3 Be5 48. Qf3 Qe7 49. Kh3 Qd7+ 50. Kg2 Qe7 51. Kh3 Qd7+ 52. Kg2 Qe8 53. Qf2 Bc7 54. Qd4+ Qe5 55. b3 g5 56. Be6 Kh6 57. Qxe5 Bxe5 58. c4 g4 59. Bf5 Kg5 60. Kf2 h4 61. Kg2 h3+ 62. Kh1 Kh4 63. c5 g3 64. cxb6 g2+ 65. Kg1 Bd4+ 0-1

[Event "Campobasso op-A 17th"]
[Site "Campobasso"]
[Date "2010.07.23"]
[Round "3"]
[White "Distaso, Antonio"]
[Black "Ficco, Corrado"]
[Result "1-0"]
[WhiteElo "1974"]
[BlackElo "2136"]
[PlyCount "93"]
[EventDate "2010.07.22"]
[EventType "swiss"]
[EventRounds "6"]
[EventCountry "ITA"]
[SourceTitle "EXT 2013"]
[Source "ChessBase"]
[SourceDate "2012.11.22"]
[SourceVersion "1"]
[SourceVersionDate "2012.11.22"]
[SourceQuality "1"]

1. e4 e6 2. d4 d5 3. Nc3 Bb4 4. e5 c5 5. a3 Bxc3+ 6. bxc3 Qc7 7. Nf3 b6 8. h4 Ne7 9. h5 h6 10. Bd2 Ba6 11. Bxa6 Nxa6 12. Nh4 cxd4 13. cxd4 Qc4 14. c3 Rc8 15. Rh3 Nb8 16. Qg4 Rg8 17. Qf4 Kd7 18. Rf3 Rcf8 19. g4 Nbc6 20. Ng2 Na5 21. Ne3 Qb5 22. Rc1 Nc4 23. Nxc4 Qxc4 24. Qg3 b5 25. Rf4 a6 26. Qf3 Ke8 27. Qd1 Nc6 28. Rb1 Ke7 29. Rf3 f6 30. exf6+ Rxf6 31. Rxf6 gxf6 32. f3 Qd3 33. Kf2 Qh7 34. a4 Rb8 35. Qc1 e5 36. Be3 Ke6 37. axb5 axb5 38. Ra1 Rb6 39. Ke2 e4 40. f4 f5 41. Qg1 Qf7 42. Qg3 Ne7 43. Ra7 Rc6 44. Qh3 Qf8 45. gxf5+ Nxf5 46. Qg4 Qe8 47. Rg7 1-0